Premera kabitā. (Record no. 61427)

MARC details
000 -LEADER
fixed length control field 00586cam a22002411 4500
001 - CONTROL NUMBER
control field sa 65000200
003 - CONTROL NUMBER IDENTIFIER
control field DLC
005 - DATE AND TIME OF LATEST TRANSACTION
control field 20260227112101.0
008 - FIXED-LENGTH DATA ELEMENTS--GENERAL INFORMATION
fixed length control field 890717s1959 bg 000 0 beno
010 ## - LIBRARY OF CONGRESS CONTROL NUMBER
LC control number sa 65000200
035 ## - SYSTEM CONTROL NUMBER
System control number (OCoLC)20023954
040 ## - CATALOGING SOURCE
Original cataloging agency DLC
Transcribing agency WaU
Modifying agency DLC
042 ## - AUTHENTICATION CODE
Authentication code premarc
050 00 - LIBRARY OF CONGRESS CALL NUMBER
Classification number PK1714
Item number .K4
100 1# - MAIN ENTRY--PERSONAL NAME
Personal name Khan, Abdur Rashid,
Dates associated with a name 1927-
245 10 - TITLE STATEMENT
Title Premera kabitā.
260 ## - PUBLICATION, DISTRIBUTION, ETC.
Date of publication, distribution, etc. [1959]
300 ## - PHYSICAL DESCRIPTION
Extent 5, 182, 4 p.
Dimensions 22 cm.
500 ## - GENERAL NOTE
General note In Bengali.
500 ## - GENERAL NOTE
General note Poems.
650 #0 - SUBJECT ADDED ENTRY--TOPICAL TERM
Topical term or geographic name entry element Love poetry, Bengali.
700 1# - ADDED ENTRY--PERSONAL NAME
Personal name Mamun, Mohammad,
Dates associated with a name 1927-

No items available.

Powered by Koha